Statistiques concernant Les longs-métrages des studios Ghibli

Cliquez ici pour prendre le quiz!

Statistiques générales

  • Ce quiz a été pris 71 fois
  • Le résultat moyen est 13 sur 23

Statistiques - réponses

Réponse% Correct
Le Chateau ambulant
88%
Mon voisin Totoro
87%
Le Chateau dans le ciel
85%
Ponyo sur la falaise
82%
Le Voyage de Chihiro
78%
Kiki la petite sorcière
77%
Princesse Mononoké
75%
Porco Rosso
70%
Le vent se lève
63%
Arrietty, le petit monde des chapardeurs
55%
Le Tombeau des lucioles
52%
Le Royaume des chats
50%
Pompoko
50%
Souvenirs de Marnie
48%
La Colline aux coquelicots
47%
Si tu tends l'oreille
47%
Les Contes de Terremer
38%
Le Conte de la princesse Kaguya
37%
Mes voisins les Yamada
35%
Souvenirs goutte à goutte
33%
Aya et la sorcière
32%
La Tortue rouge
28%
Je peux entendre l'océan
23%

Distribution des résultats

Percentile par nombre de réponses

% des personnes avec chaque résultat

Votre développement - résultats

Vous n’avez pas pris ce quiz